书目信息 |
| 题名: |
设施检查现场手册
|
|
| 作者: | 刘易斯 , 佩安特 著 ;孙光民 译 | |
| 分册: | ||
| 出版信息: | 北京 机械工业出版社 2003.10 |
|
| 页数: | 13,263页 | |
| 开本: | 21cm | |
| 丛书名: | ||
| 单 册: | ||
| 中图分类: | TU746.2-62 | |
| 科图分类: | ||
| 主题词: | 建筑物--检测--手册 , 建筑物 | |
| 电子资源: | ||
| ISBN: | 7-111-13050-2 | |
| 000 | 01302nam0 2200289 450 | |
| 001 | 002542662 | |
| 005 | 20050609165735.45 | |
| 010 | @a7-111-13050-2@dCNY 22.00 | |
| 100 | @a20031226d2003 em y0chiy0110 ea | |
| 101 | 1 | @achi@ceng |
| 102 | @aCN@b110000 | |
| 105 | @ay z 000yy | |
| 200 | 1 | @a设施检查现场手册@9she shi jian cha xian chang shou ce@e完整的工作状态评估指导@f(美)伯纳德 T.刘易斯(Bernard T. Lewis),(美)理查德 P.佩安特(Richard P. Payant)著@g孙光民等译 |
| 210 | @a北京@c机械工业出版社@d2003.10 | |
| 215 | @a13,263页@d21cm | |
| 306 | @a机械工业出版社和美国麦格劳-希尔教育(亚洲)出版公司合作出版 | |
| 330 | @a本书是建筑物及配套设施和状态评估的现场使用手册,以高度概括的、易于查阅的方式进行编排,提供了一套合理的、系统的评估方法和标准,并详细列出了设施检查和评估的各种条目。 | |
| 510 | 1 | @aFacility Inspection Field Manual@eA Complete Condition Assessment Guide@zeng |
| 517 | 1 | @a完整的工作状态评估指导@9wan zheng de gong zuo zhuang tai ping gu zhi dao |
| 606 | 0 | @a建筑物@x检测@j手册 |
| 606 | 0 | @a建筑物 |
| 690 | @aTU746.2-62@v4 | |
| 701 | 0 | @c(美)@a刘易斯@9liu yi si@c(Lewis, Bernard T.)@4著 |
| 701 | 0 | @c(美)@a佩安特@9pei an te@c(Payant, Richard P.)@4著 |
| 702 | 0 | @a孙光民@9sun guang min@c(设施管理)@4译 |
| 801 | 0 | @aCN@bNLC@c20050609 |
| 905 | @a10447@dTU746.2-62@eB915 | |
| 设施检查现场手册:完整的工作状态评估指导/(美)伯纳德 T.刘易斯(Bernard T. Lewis),(美)理查德 P.佩安特(Richard P. Payant)著/孙光民等译.-北京:机械工业出版社,2003.10 |
| 13,263页;21cm |
| ISBN 7-111-13050-2:CNY 22.00 |
| 本书是建筑物及配套设施和状态评估的现场使用手册,以高度概括的、易于查阅的方式进行编排,提供了一套合理的、系统的评估方法和标准,并详细列出了设施检查和评估的各种条目。 |
| ● |
| 相关链接 |
|
|
|
正题名:设施检查现场手册
索取号:TU746.2-62/B915
 
预约/预借
| 序号 | 登录号 | 条形码 | 馆藏地/架位号 | 状态 | 备注 |
| 1 | 436871 | 204368718 | 建筑库201/201建筑库 41排1列2层/ [索取号:TU746.2-62/B915] | 在馆 | |
| 2 | 436872 | 204368727 | 土木与交通工程学院资料室/土木与交通学院资料室 1排1列1层/ [索取号:TU746.2-62/B915] | 在馆 | |
| 3 | 436873 | 204368736 | 土木与交通工程学院资料室/土木与交通学院资料室 1排1列1层/ [索取号:TU746.2-62/B915] | 在馆 | |
| 4 | 531353 | 205313533 | 土木与交通工程学院资料室/土木与交通学院资料室 1排1列1层/ [索取号:TU746.2-62/B915] | 在馆 | |
| 5 | 531354 | 205313542 | 建筑库201/201建筑库 41排1列2层/ [索取号:TU746.2-62/B915] | 在馆 | |
| 6 | 531355 | 205313551 | 土木与交通工程学院资料室/土木与交通学院资料室 1排1列1层/ [索取号:TU746.2-62/B915] | 在馆 | |
| 7 | 531356 | 205313560 | 建筑库201/201建筑库 41排1列2层/ [索取号:TU746.2-62/B915] | 在馆 |